000
00296nam a2200097Ia 4500
082
_a
635.90968 ALEX
245
0
_a
Tuinmaak in Suid-Afrika deur die jaar
100
_a
Alexander, Marianne Kaapstad, Suid-Afrika, 2009
_9
77457
942
_c
BK
008
210817s9999 xx 000 0 und d
999
_c
389183
_d
389182